000 00966nam a2200265Ia 4500
008 130821s1997 ag gr spa
020 _a950128901X
040 _aCO-BoUCM
_bspa
_cAngélica Rojas (modificó)
_dAldemar Mondragón (modificó)
041 0 0 _aspa
100 1 _aO'donnell, Guillermo
_938336
245 1 0 _aContrapuntos ensayos escogidos sobre autoritarismo y democratización
_cGuillermo O'Donnell
260 _aBuenos Aires (Argentina)
_bPaidós
_c1997
300 _a360 páginas
504 _aIncluye referencias bibliográficas
650 7 _aAutoritarismo
_99835
650 7 _aDemocracia
_912617
650 7 _aPobreza
_921746
650 7 _aPobreza
_zAmérica Latina
_936500
650 7 _aSistemas de gobierno
_924619
650 7 _aTotalitarismo
_925542
651 4 _aArgentina
_xPolítica y gobierno
_y1956-1976
_9442
690 _aCiencia política
_9340
942 _cLIBRO
_a6
_e1
_mO261c
_2DEWEY
_h320.53
999 _c30978
_d30978